Memorias : (Registro nro. 8546)

Detalles MARC
000 -CABECERA
Campo de control 00693nam a22001937a 4500
005 - FECHA Y HORA DE LA ULTIMA TRANSACCION
Campo de control 20140711102320.0
008 - ELEMENTOS DE LONGITUD FIJA—INFORMACION GENERAL
Campo de control 130730b2011 ck ||||| |||| 00| 0 spa d
041 ## - IDIOMA
Código de idioma para texto/pista de sonido o título separado Español
044 ## - PAÍS DE PUBLICACIÓN
País de publicación Colombia
082 04 - NUMERO DE CLASIFICACION DECIMAL DEWEY
Número de clasificación 551.6
Número del ítem C74
111 2# - ASIENTO PRINCIPAL--NOMBRE DE REUNION
Nombre de reunión o de jurisdicción como elemento de entrada I Congreso Nacional del Clima
Fecha de la reunión 2010 : (
Lugar de la reunión Bogotá, Colombia)
Número de la parte/sección/reunión I
245 10 - MENCION DE TITULO
Título Memorias :
Parte restante del título I Congreso Nacional del Clima
260 ## - PUBLICACION, DISTRIBUCION, ETC. (PIE DE IMPRENTA)
Lugar de publicación, distribución, etc. Bogotá
Nombre del editor, distribuidor, etc. IDEAM
Fecha de publicación, distribución, etc. c2010
300 ## - DESCRIPCION FISICA
Extensión 131 p.
Otros detalles físicos il., mapas
Dimensiones 21 cm. +
Material acompañante CD-Rom CID 038140
650 4# - ASIENTO SECUNDARIO DE MATERIA - TERMINO TEMATICO
Término temático o nombre geográfico como elemento de entrada Climatología
Subdivisión de forma Congresos, conferencias, etc
650 4# - ASIENTO SECUNDARIO DE MATERIA - TERMINO TEMATICO
Término temático o nombre geográfico como elemento de entrada Climatología
Subdivisión de forma Congresos, conferencias, etc
Subdivisión geográfica Bogotá
650 ## - ASIENTO SECUNDARIO DE MATERIA - TERMINO TEMATICO
Término temático o nombre geográfico como elemento de entrada Cambios climáticos
Subdivisión de forma Congresos, conferencias, etc
942 ## - ELEMENTOS ADICIONALES (KOHA)
Sistema de clasificación Dewey Decimal Classification
Tipo de ítem Impreso
Existencias
Withdrawn status Lost status Sistema de Clasificación Damaged status No para préstamo Colección Inventariado Ubicación Permanente Ubicación actual Fecha de adquisición Fuente de Valor Valor Total Checkouts Número topográfico Inventario / Código de Barras Date last seen Ejemplar Price effective from Forma de adquisición Tipo de material
    Dewey Decimal Classification     General Inventariado 2017 Sala Fabio Quevedo Sala Fabio Quevedo 11/07/2014 Instituto 39000.00   LB-551.6 C74 034021 11/07/2014 Ej. 1 11/07/2014 Canje Libro
    Dewey Decimal Classification     Audiovisual Inventariado 2017 Sala Fabio Quevedo Sala Fabio Quevedo 11/07/2014       LB-551.6 C74 038140 11/07/2014 Ej. 2 (anexo) 11/07/2014 Canje CD-ROM